000 00429nam a2200181Ia 4500
001 8059
005 20260306160541.0
008 260306t2008||||xx |||||||||||||| ||spa||
041 _aESP
082 _a370.1
_bG12
100 _aGadotti, Moacir
_eAUT
245 0 _aHistoria de las ideas pedagógicas
260 _c2008
300 _axix, 354 páginas :
_c21 cm.
650 _aGEN
654 _aCED
942 _cLIB
_dJUS
_fJUS
_2ddc
_n
999 _c8059
_d8059